00692nam a2200241 a 4500001001300000003000900013005001700022008004100039020002500080082001400105100002100119245004000140260003300180300000800213500003500221505001700256650001300273700002100286902000800307942000700315952011300322999001500435nice12345678IN_TiNIC20260116013125.0050524s1978 u sa grp 000 0 eng  a0800614 c95.5500a230bFOR1 aForell, George W aGod`s Call to Public Responsibility aU S abFortress Press c1978 a64p aincludes index and biblioraphy2 aBibliography aTheology1 aForell, George W bSRS cBK 001040708StackRoom-aHMIbHMId2007-08-01g95.55l0o230 FOR1p016095r2007-08-01v95.55w2005-05-24yBK c9756d9756